000 00514nam a2200193 i 4500
001 bg
100 1 _aGASTROW, Hans
245 0 _aDer Spritzgiess-Werkzeugbau in Beispielen /
_cvon Hans Gastrow ; hrsg. von K. Stoeckhert.
250 _a2 erweit Aufl.
260 _aMünchen :
_bCarl Hanser,
_c1975.
300 _as. 212 :
_brys. ;
_c28 cm.
020 _a3446120432
040 _cBPK
041 _apol
080 _a678
920 _a3-446-12043-2
942 _cKS
008 s pl f |000 0 pol
999 _c18231
_d18231
856 _uhttp://koha.tu.koszalin.pl/cgi-bin/koha/opac-detail.pl?biblionumber=18231
_yKatalog online BPK